Tiziano (Record no. 7372)

MARC details
000 -LEADER
campo de control de longitud fija 00890nam a2200265 i 4500
001 - NÚMERO DE CONTROL
campo de control 7372
003 - IDENTIFICADOR DE NÚMERO DE CONTROL
campo de control ES-MaACL
005 - FECHA Y HORA DE LA ÚLTIMA TRANSACCIÓN
campo de control 20250817132351.0
007 - CAMPO FIJO DE DESCRIPCIÓN FÍSICA--INFORMACIÓN GENERAL
campo de control de longitud fija t|
008 - DATOS DE LONGITUD FIJA--INFORMACIÓN GENERAL
campo de control de longitud fija 901218s1990 it ||||1| ita d
020 ## - NÚMERO INTERNACIONAL ESTÁNDAR DEL LIBRO
Número Internacional Estándar del Libro 88-317-5330-4
080 ## - NÚMERO DE LA CLASIFICACIÓN DECIMAL UNIVERSAL
Número de la Clasificación Decimal Universal 061.43(453.1)"1990":7 Tiziano
080 ## - NÚMERO DE LA CLASIFICACIÓN DECIMAL UNIVERSAL
Número de la Clasificación Decimal Universal 7 Tiziano
080 ## - NÚMERO DE LA CLASIFICACIÓN DECIMAL UNIVERSAL
Número de la Clasificación Decimal Universal 75(45)"1477/1576" Tiziano
245 00 - MENCIÓN DEL TÍTULO
Título Tiziano
Resto del título : Palazzo Ducale, Venezia, National Gallery of Art, Washington /
Mención de responsabilidad, etc. la mostra e organizzata da Comune di Venezia... [et al.].
250 ## - MENCION DE EDICION
Mención de edición 1a ed.
260 ## - PUBLICACIÓN, DISTRIBUCIÓN, ETC.
Lugar de publicación, distribución, etc. Venezia :
Nombre del editor, distribuidor, etc. Marsilio Editori,
Fecha de publicación, distribución, etc. 1990.
300 ## - DESCRIPCIÓN FÍSICA
Extensión XV, 432 p. :
Otras características físicas principalmente il. ;
Dimensiones 29 cm.
504 ## - NOTA DE BIBLIOGRAFÍA, ETC.
Nota de bibliografía, etc. Bibliogr.: p. 417-432.
600 04 - PUNTO DE ACCESO ADICIONAL DE MATERIA--NOMBRE DE PERSONA
Nombre de persona Tiziano,
Fechas asociadas al nombre ca. 1488-1576-
Subdivisión de forma Exposiciones
9 (RLIN) 110358
655 #7 - TERMINO DE INDIZACIÓN--GENERO/FORMA
Fuente del término tgfbne
9 (RLIN) 193628
Datos o término principal de género/forma Catálogos de exposiciones
852 ## - LOCALIZACIÓN
Ubicación ES-MaACL
Número de control de estantería L-14608
Sublocalización o colección R.118440
Nota libre . - rust.
942 ## - ELEMENTOS DE ENTRADA SECUNDARIOS (KOHA)
Fuente del sistema de clasificación o colocación Clasificación decimal universal
Holdings
Estatus retirado Estado de pérdida Estado de daño No para préstamo Biblioteca de origen Biblioteca actual Ubicación en estantería Fecha de adquisición Fuente de adquisición Total de préstamos Signatura topográfica completa Código de barras Visto por última vez Precio de reemplazo Tipo de ítem Koha
        Biblioteca del Ateneo de Madrid Biblioteca del Ateneo de Madrid Depósito 2 17/01/2008     L-14608 1007519 23/02/2023 23/02/2023 Libro impreso